Guess The Best Player On Each NBA Team By NBA 2K21 Rating - Statistics

General Stats
  • This quiz has been taken 1,247 times
    1,196 since last reset
  • The average score is 23 of 30
Answer Stats
Team Rating Player % Correct
Atlanta Hawks 88 Trae Young
99%
Boston Celtics 90 Jayson Tatum
98%
Brooklyn Nets 95 Kevin Durant
98%
Los Angeles Lakers 98 LeBron James
91%
Dallas Mavericks 94 Luka Doncic
91%
Golden State Warriors 95 Stephen Curry
91%
Milwaukee Bucks 97 Giannis Antetokounmpo
89%
Denver Nuggets 91 Nikola Jokic
89%
Houston Rockets 96 James Harden
88%
Miami Heat 93 Jimmy Butler
88%
Los Angeles Clippers 96 Kawhi Leonard
88%
Portland Trail Blazers 95 Damian Lillard
86%
Memphis Grizzlies 85 Ja Morant
86%
Philadelphia 76ers 91 Joel Embiid
86%
Chicago Bulls 85 Zach LaVine
86%
Minnesota Timberwolves 90 Karl-Anthony Towns
85%
New Orleans Pelicans 86 Zion Williamson
85%
Phoenix Suns 88 Devin Booker
84%
Utah Jazz 88 Donovan Mitchell
79%
Sacramento Kings 85 De'Aaron Fox
78%
Oklahoma City Thunder 84 Shai Gilgeous-Alexander
74%
San Antonio Spurs 86 DeMar DeRozan
68%
Toronto Raptors 88 Pascal Siakam
66%
Washington Wizards 88 Russell Westbrook
59%
Indiana Pacers 85 Domantas Sabonis
55%
Charlotte Hornets 83 Gordon Hayward
46%
Detroit Pistons 83 Blake Griffin
41%
Orlando Magic 86 Nikola Vucevic
41%
Cleveland Cavaliers 85 Andre Drummond
31%
New York Knicks 81 Mitchell Robinson
31%
No matching quizzes found
Score Distribution
Percent of People with Each Score
Percentile by Number Answered
Your Score History
You have not taken this quiz since the last reset